| 000 | 00770nam a22002177a 4500 | ||
|---|---|---|---|
| 999 |
_c12732 _d12732 |
||
| 003 | AR-CdUCM | ||
| 008 | 190410b ||||| |||| 00| 0 spa d | ||
| 040 |
_aMUNICIPALIDAD PROVINCIAL DEL CUSCO _cBIBLIOTECA MUNICIPAL DEL CUSCO |
||
| 082 |
_22ed. _a348.685 / _bG71 |
||
| 100 |
_aGonzález Rosales, Guillermo _930755 |
||
| 245 | _aNuevo derecho peruano del trabajo / | ||
| 260 |
_aLima : _bStudium, _c1985. |
||
| 300 |
_a670 páginas ; _c24 cm. |
||
| 505 | _aContenido: t.2. Preferentemente la parte relativa al derecho colectivo y procesal del trabajo. | ||
| 650 |
_aDerecho del trabajo _95298 |
||
| 650 |
_aLegislación del trabajo _930756 |
||
| 650 |
_aPerú _935 |
||
| 700 |
_aGonzalez Morante, Francisco _930757 |
||
| 942 |
_2ddc _cLIBROS |
||
| 945 |
_aacv _d2019-04-10 |
||